The geology of Egypt /

محفوظ في:

المؤلف الرئيسي: Said, Rushdi.

التنسيق: كتاب

اللغة: English

منشور في: Amsterdam, New York, Elsevier Pub. Co. [distributors for the U.S.: American Elsevier Pub. Co., New York] 1962.

الموضوعات:

الوسوم: إضافة وسم

لا توجد وسوم, كن أول من يضع وسما على هذه التسجيلة!

رقم الطلب: QE328 .S3 1962

LEADER 00833cam a22002411 4500
001 ocm00544693
003 OCoLC
005 20240220013636.0
008 850509s1962 ne ab b 000 0 eng
010 |a  61018143  
043 |a f-ua--- 
050 4 |a QE328  |b .S3 1962 
100 1 |a Said, Rushdi. 
245 1 4 |a The geology of Egypt /  |c by Rushdi Said. 
264 1 |a Amsterdam,  |a New York,  |b Elsevier Pub. Co. [distributors for the U.S.: American Elsevier Pub. Co., New York]  |c 1962. 
300 |a xv, 377 pages :  |b illustrations, maps (some folded) tables,  |c 31 cm 
336 |a text  |b txt  |2 rdacontent 
337 |a unmediated  |b n  |2 rdamedia 
338 |a volume  |b nc  |2 rdacarrier 
504 |a Includes bibliographical references (pages 334-348). 
650 0 |a Geology  |z Egypt. 
650 0 |a Mines and mineral resources  |z Egypt. 
999 |c 56868  |d 56868